000 00629nam a2200181Ia 4500
008 090123s9999 xx 000 0 und d
082 _b42626
100 _aबर्वे राजेंद्र
245 _aमानसिक ताणतणाव कसा रोखाल
250 _a3
260 _c1998
300 _a50
600 _aबर्वे राजेंद्र
630 _aमानसिक ताणतणाव कसा रोखाल
700 _aबर्वे राजेंद्र
730 _aमानसिक ताणतणाव कसा रोखाल
942 _cBOOK
999 _c80704
_d80704